Advances in quantitative asset management (Record no. 363582)

MARC details
000 -LEADER
fixed length control field 00665nam a2200217Ia 4500
008 - FIXED-LENGTH DATA ELEMENTS--GENERAL INFORMATION
fixed length control field 191130s2000##################000#0#eng##
020 ## - INTERNATIONAL STANDARD BOOK NUMBER
ISBN 9780792377788
082 ## - DEWEY DECIMAL CLASSIFICATION NUMBER
Classification number 332.6 DUN
245 ## - TITLE STATEMENT
Title Advances in quantitative asset management
Statement of responsibility, etc edited by Christian L. Dunis
260 ## - PUBLICATION, DISTRIBUTION, ETC. (IMPRINT)
Place of publication Boston
Name of publisher Kluwer Academic Publishers
Year of publication 2000
300 ## - PHYSICAL DESCRIPTION
Number of Pages xi, 342 p. : ill. ; 24 cm
500 ## - GENERAL NOTE
General note Includes bibliographical references
650 ## - SUBJECT ADDED ENTRY--TOPICAL TERM
Topical Term Capital assets pricing model
Topical Term Portfolio management
700 ## - ADDED ENTRY--PERSONAL NAME
Personal name Dunis, Christian
991 ## -
-- 169376
Holdings
Withdrawn status Lost status Damaged status Not for loan Home library Current library Shelving location Date acquired Full call number Accession Number Price effective from Koha item type
        Anna Centenary Library Anna Centenary Library 4TH FLOOR, A WING 17.10.2020 332.6 DUN 208341 17.10.2020 English Books

Find us on the map